| 000 | 00848pam a2200265 a 4500 | ||
|---|---|---|---|
| 001 | 1476557 | ||
| 003 | NUST - PNEC | ||
| 005 | 20170116181026.0 | ||
| 008 | 870212s1987 nyua 001 0 eng | ||
| 010 | _a 87005294 | ||
| 020 | _a082477728X | ||
| 040 | _cLIBRARY | ||
| 050 | 0 | 0 |
_aTK2781 _b.C26 1987 |
| 082 | 0 | 0 |
_a621.462 CAM _219 |
| 100 | 1 |
_aCampbell, Sylvester J., _d1924- |
|
| 245 | 1 | 0 |
_aSolid state AC motor controls : selection and application _cSylvester J. Campbell. |
| 260 |
_aNew York : _bDekker, _cc1987. |
||
| 300 |
_axii, 230 p. : _bill. ; _c24 cm. |
||
| 490 | 1 |
_aMechanical engineering ; _v56 |
|
| 500 | _aIncludes index. | ||
| 650 | 0 |
_aElectric motors, Alternating current _xEE, EL |
|
| 830 | 0 |
_aMechanical engineering (Marcel Dekker, Inc.) ; _v56. |
|
| 906 |
_a7 _bcbc _corignew _d1 _eocip _f19 _gy-gencatlg |
||
| 942 |
_2ddc _cBK |
||
| 999 |
_c67546 _d67546 |
||